Score 0/15 Timer 02:00
12 Plays Today
% Correct
Big Boss Man
91.2%
The Undertaker
88.2%
Kane
85.6%
Ultimate Warrior
84.3%
Booker T
84%
Cactus Jack
83.6%
Brutus Beefcake
81.6%
Triple H
80.2%
% Correct
The American Dream
77.5%
Barbarian
76.1%
Killer Khan
73.9%
Goldust
73.5%
The Warlord
68.5%
Gangrel
54.1%
The Mongolian Stomper
53.3%
Come Together.
Have Fun.
All Virtual.
We all need to come together. Play Sporcle's virtual live trivia to have fun, connect with people, and get your trivia on. Join a live hosted trivia game for your favorite pub trivia experience done virtually. If a virtual private party is more your thing, go here for details.

You're not logged in!

Compare scores with friends on all Sporcle quizzes.
OR
Log In

Sporcle TV

Today on Sporcle TV


Watch our educational content, quiz creation guides, and fun videos on Sporcle TV.

Show Comments

Extras

Top Quizzes Today


Score Distribution

Paid Content

Your Account Isn't Verified!

In order to create a playlist on Sporcle, you need to verify the email address you used during registration. Go to your Sporcle Settings to finish the process.

Report this User

Report this user for behavior that violates our Community Guidelines.

Details: